LEADER 00960nam--2200373---450- 001 990003096970203316 005 20110808094354.0 035 $a000309697 035 $aUSA01000309697 035 $a(ALEPH)000309697USA01 035 $a000309697 100 $a20080417d1952----km-y0itay50------ba 101 $afre 102 $aFR 105 $a||||||||001yy 200 1 $aMarie Dubois$eroman$fJacques Audiberti 210 $aParis$cGallimard$dcopyr. 1952 215 $a285 p.$d21 cm 225 2 $aNrf 410 0$12001$aNrf 454 1$12001 461 1$1001-------$12001 606 0 $aNarrativa francese 676 $a843 700 1$aAUDIBERTI,$bJacques$0469293 801 0$aIT$bsalbc$gISBD 912 $a990003096970203316 951 $aII.4.A.195$b3184 DSLL 959 $aBK 969 $aDSLL 979 $aDSLL$b90$c20080417$lUSA01$h1013 979 $aDSLL$b90$c20110808$lUSA01$h0943 996 $aMarie Dubois$91019173 997 $aUNISA